000 00995nam a2200289 i 4500
001 000002701
003 DO-SdBNP
005 20250701132841.0
007 ta
008 090703s1986 dr r 000 0 spa d
040 _aDO-SdBNP
_bspa
_cBNPHU
_erda
082 4 _a338.4791
_bS941i
_222
100 1 _aSubervi Bonilla, Rafael,
_d1942-
_98528
_eautor
245 1 0 _aIncidencia del turismo en la economía Dominicana /
_cRafael Subervi Bonilla.
260 _aSanto Domingo :
_b[s.n],
_c1986.
300 _a161 páginas ;
_c22 cm.
336 _2rdacontent
_a texto
_btxt
337 _2rdamedia
_asin mediación
_bn
338 _2rdacarrier
_avolumen
_bnc
500 _aIncluye referencias bibliográficas y notas al pie de páginas
590 _aInventariado, 2023 MFF
650 4 _aTurismo
_xAspectos económicos
_zRepública Dominicana
_98529
650 0 _aDesarrollo económico
_985548
650 4 _aCrecimiento económico
_98530
910 _aValidado. Control de calidad MFF
942 _2ddc
_cLBS1
999 _c2537
_d2537